000 00292nam a22001337a 4500
008 181029b xxu||||| |||| 00| 0 eng d
020 _a9780024103918
041 _aeng
080 _28th
_a612.39
100 _a10
101 _aNUT
245 _aFood for Fifty
_cShugart,G
942 _2udc
_cBK
999 _c51028
_d51028